<?xml version="1.0" encoding="UTF-8"?>
<marc:record xmlns:marc="http://www.loc.gov/MARC21/slim">
   <marc:leader>00000nam a2200000 a 4500</marc:leader>
   <marc:datafield ind1="0" ind2="0" tag="245">
      <marc:subfield code="a">Inside Wikileaks - Die fünfte Gewalt</marc:subfield>
   </marc:datafield>
   <marc:datafield ind1="0" ind2="0" tag="245">
      <marc:subfield code="b">; die fünfte Gewalt</marc:subfield>
   </marc:datafield>
   <marc:datafield ind1=" " ind2="1" tag="264">
      <marc:subfield code="a">München</marc:subfield>
      <marc:subfield code="b">Constantin Film Verleih</marc:subfield>
      <marc:subfield code="c">2014</marc:subfield>
   </marc:datafield>
   <marc:datafield ind1="1" ind2=" " tag="520">
      <marc:subfield code="a">2010 sorgte die Webseite WikiLeaks für weltweites Aufsehen, als sie eine ganze Lawine geheimer US-Unterlagen und brisanter Nachrichten ans Licht der Öffentlichkeit brachte. Der auf Tatsachen basierende Thriller erzählt die Geschichte von WikiLeaks-Gründer Julian Assange und seinem Kollegen Daniel Domscheit-Berg. Mit minimalen Mitteln entwickeln die beiden eine Internetplattform, die es Whistleblowern erlaubt, Daten über dunkle Regierungsgeheimnisse und Industrieverbrechen anonym zu veröffentlichen. Als Assange und Domscheit-Berg damit Zugang zur größten Sammlung vertraulicher US-Geheimdienstdokumente bekommen, werden die beiden Gründer über Nacht zu weltweit gesuchten Staatsfeinden.</marc:subfield>
   </marc:datafield>
   <marc:datafield ind1=" " ind2=" " tag="300">
      <marc:subfield code="a">1 DVD</marc:subfield>
   </marc:datafield>
</marc:record>
